000 00507nam a2200181Ia 4500
001 3930
005 20260306145719.0
008 260306t2008||||xx |||||||||||||| ||spa||
041 _aESP
082 _a305.552098
_bA32
100 _aAguirre, Carlos
_eAUT
245 0 _aIntelectuales y poder. Ensayos en torno a la república de las letras en el Perú e Hispanoamérica (ss. XVI-XX)
260 _c2008
300 _a530 páginas :
_c24 cm.
650 _aGEN
654 _aCHU
942 _cLIB
_dJUS
_fJUS
_2ddc
_n
999 _c3930
_d3930